Industrial Law Journal (Record no. 1503)

MARC details
000 -LEADER
fixed length control field 00468nam a22001697a 4500
005 - DATE AND TIME OF INPUT
control field 20240411101349.0
008 - DATA ELEMENTS--GENERAL INFORMATION
fixed length control field 240411b |||||||| |||| 00| 0 eng d
022 ## - INTERNATIONAL STANDARD SERIAL NUMBER
International Standard Serial Number 0258249X
041 ## - LANGUAGE CODE
Language code of text English
082 ## - SHELF NUMBER
DDC number 349 IND
100 ## - MAIN AUTHOR
Language of a work English
245 ## - TITLE STATEMENT
Title Industrial Law Journal
260 ## - PUBLICATION, DISTRIBUTION, ETC.
Place of publication, distribution, etc. Cape Town:
Name of publisher, distributor, etc. Juta and Company Ltd,
Date of publication, distribution, etc. 2019
300 ## - PHYSICAL DESCRIPTION
Other physical details viii, 277 pages ;
Dimensions 25 cm.
650 ## - SUBJECT`
Broad subject Legal practice
Own subject terms Law
942 ## - ADDED ENTRY ELEMENTS (KOHA)
Item type Books
942 ## - ADDED ENTRY ELEMENTS (KOHA)
-- ALISON_BN_VRIES
Holdings
Source of classification or shelving scheme Not for loan Collection code Home library Current library Shelving location Date acquired Full call number Barcode Price effective from Koha item type
Dewey Decimal Classification   SERIES LAW SOCIETY OF NAMIBIA LIBRARY - WINDHOEK LAW SOCIETY OF NAMIBIA LIBRARY - WINDHOEK Industrial law journal 04/11/2024 349 IND LSN/2023/1306 04/11/2024 Books
Dewey Decimal Classification   SERIES LAW SOCIETY OF NAMIBIA LIBRARY - WINDHOEK LAW SOCIETY OF NAMIBIA LIBRARY - WINDHOEK Industrial law journal 04/11/2024 349 IND LSN/2023/1307 04/11/2024 Books
Dewey Decimal Classification   SERIES LAW SOCIETY OF NAMIBIA LIBRARY - WINDHOEK LAW SOCIETY OF NAMIBIA LIBRARY - WINDHOEK Industrial law journal 04/11/2024 349 IND LSN/2023/1308 04/11/2024 Books
Dewey Decimal Classification   SERIES LAW SOCIETY OF NAMIBIA LIBRARY - WINDHOEK LAW SOCIETY OF NAMIBIA LIBRARY - WINDHOEK Industrial law journal 04/11/2024 349 IND LSN/2023/1309 04/11/2024 Books
Dewey Decimal Classification   SERIES LAW SOCIETY OF NAMIBIA LIBRARY - WINDHOEK LAW SOCIETY OF NAMIBIA LIBRARY - WINDHOEK Industrial law journal 04/11/2024 349 IND LSN/2023/1310 04/11/2024 Books
Dewey Decimal Classification   SERIES LAW SOCIETY OF NAMIBIA LIBRARY - WINDHOEK LAW SOCIETY OF NAMIBIA LIBRARY - WINDHOEK Industrial law journal 04/11/2024 349 IND LSN/2023/1311 04/11/2024 Books
Dewey Decimal Classification   SERIES LAW SOCIETY OF NAMIBIA LIBRARY - WINDHOEK LAW SOCIETY OF NAMIBIA LIBRARY - WINDHOEK Industrial law journal 04/11/2024 349 IND LSN/2023/1312 04/11/2024 Books
Dewey Decimal Classification   SERIES LAW SOCIETY OF NAMIBIA LIBRARY - WINDHOEK LAW SOCIETY OF NAMIBIA LIBRARY - WINDHOEK Industrial law journal 04/11/2024 349 IND LSN/2023/1313 04/11/2024 Books
Dewey Decimal Classification   SERIES LAW SOCIETY OF NAMIBIA LIBRARY - WINDHOEK LAW SOCIETY OF NAMIBIA LIBRARY - WINDHOEK Industrial law journal 04/11/2024 349 IND LSN/2023/1314 04/11/2024 Books
Dewey Decimal Classification   SERIES LAW SOCIETY OF NAMIBIA LIBRARY - WINDHOEK LAW SOCIETY OF NAMIBIA LIBRARY - WINDHOEK Industrial law journal 04/11/2024 349 IND LSN/2023/1315 04/11/2024 Books
Dewey Decimal Classification   SERIES LAW SOCIETY OF NAMIBIA LIBRARY - WINDHOEK LAW SOCIETY OF NAMIBIA LIBRARY - WINDHOEK Industrial law journal 04/11/2024 349 IND LSN/2023/1316 04/11/2024 Books
Dewey Decimal Classification   SERIES LAW SOCIETY OF NAMIBIA LIBRARY - WINDHOEK LAW SOCIETY OF NAMIBIA LIBRARY - WINDHOEK Industrial law journal 04/11/2024 349 IND LSN/2023/1317 04/11/2024 Books